Countries in Europe that were monarchies in 1891 - Statistics

General Stats
  • This quiz has been taken 128 times
  • The average score is 18 of 20
Answer Stats
Monarch's name Answer % Correct
Victoria United Kingdom
100%
Leopold II Belgium
98%
Wilhelm II Germany
98%
Alfonso XIII Spain
98%
Oscar II Sweden & Norway
98%
Franz Joseph I Austria-Hungary
97%
Umberto I Italy
97%
Carlos I Portugal
97%
Alexander III Russia
96%
Christian IX Denmark
95%
Wilhelmina Netherlands
95%
George I Greece
92%
Carol I Romania
89%
Abdul Hamid II Ottoman Empire
87%
Ferdinand Bulgaria
86%
Adolf Luxembourg
85%
Albert I Monaco
84%
Alexander I Serbia
83%
Johannes II Liechtenstein
77%
Nikola Montenegro
69%
No matching quizzes found
Score Distribution
Percent of People with Each Score
Percentile by Number Answered
Your Score History
You have not taken this quiz